Meu querido livrinho (Registo nº 32536)

Detalhes MARC
000 -Etiqueta do registo
Valores 00740nam a2200241 4500
010 ## - Número ISBN
ISBN 9789722067270
021 ## - Número do Depósito Legal
-- PT
Número 453788/19
090 ## -
-- 32536
100 ## - Dados gerais de processamento
Dados gerais 20190621d2019 c y0pory50030103ba
101 0# - Língua de publicação
-- por
102 ## - País de publicação
-- PT
200 1# - Titulo e menção de responsabilidade
Título próprio Meu querido livrinho
Primeira menção de responsabilidade Maria Almira Soares
Outras menções de responsabilidade il. Sandra Serra
205 ## - Menção da edição
Edição 1ª. ed.
210 ## - Publicação
Local de publicação Alfragide
Nome do editor Dom Quixote
Data de publicação 2019
215 ## - Descrição física 
Paginação / Volumes 27 p.
Outras indicações físicas il.
Dimensões 27 cm
606 ## - Nome comum usado como assunto
Palavra de ordem Histórias para crianças
ID Autoridade 187
675 ## - CDU
Notação 8:087.5
Edição BN
Língua por
700 ## - Autor principal (pessoa individual)
Apelido Soares
Nome Maria Almira
Datas 1948-
-- 070
ID Autoridade 3969
702 ## - Autor secundário (pessoa individual)
Apelido Serra
Nome Sandra
Datas 1968-
-- 440
ID Autoridade 444
801 #0 - Fonte de origem
País PT
Agência BN
Regras de catalogação RPC
856 41 - Localização e acesso electrónico 
URL <a href="http://rnod.bnportugal.gov.pt/ImagesBN/winlibimg.aspx?skey=&doc=2024375&img=126788&save=true">http://rnod.bnportugal.gov.pt/ImagesBN/winlibimg.aspx?skey=&doc=2024375&img=126788&save=true</a>
990 ## - Elementos KOHA
Tipo de documento Livro
Exemplares
Situação do levantamento Estado Biblioteca de origem Biblioteca de empréstimo Código de barras Cota Permissão de empréstimo Tipo de documento Nota relativa ao exemplar
  Completo Biblioteca Municipal de Viana Do Alentejo Biblioteca Municipal de Viana Do Alentejo 0032226 8 SOA Disponível Livro 6-10 anos




Powered by Koha